Tucumán 1852-1853: de Caseros a Los Laureles

Gardado en:
Detalles Bibliográficos
Autor Principal: García Soriano, Manuel (Author)
Formato: Libro
Idioma:Lingua castelá
Publicado: San Miguel de Tucumán Universidad Nacional de Tucumán 1968
Series:Cuadernos de Humanitas, 31
Subjects:
Tags: Engadir etiqueta
Sen Etiquetas, Sexa o primeiro en etiquetar este rexistro!

MARC

LEADER 00000nam a2200000 a 4500
001 UCO3130
003 CL-VaPUC
008 000714e19680000AG |||||||||||||||||spa|d
082 0 4 |a 982.43  |b GAR  |2 21 
100 0 |a García Soriano, Manuel  |e author  |9 447011 
245 1 0 |a Tucumán 1852-1853: de Caseros a Los Laureles 
300 |a 135 p 
942 |c BK 
945 |d 20000714 00:00:00  |a rherrera 
260 |a San Miguel de Tucumán  |b Universidad Nacional de Tucumán  |c 1968 
650 7 |a HISTORIA DE ARGENTINA SIGLO 19  |2 CL-VaPUC  |9 378483 
650 7 |a HISTORIA DE TUCUMAN SIGLO 19  |2 CL-VaPUC  |9 447012 
651 7 |a TUCUMAN  |2 CL-VaPUC  |9 357006 
583 |a last modification  |c 20160829 03:09:28  |k Rodrigo Vera 
490 0 |a Cuadernos de Humanitas, 31 
999 |c 289600  |d 289598 
952 |0 0  |1 0  |4 0  |6 982_430000000000000_GAR_1968  |7 0  |8 A  |9 338165  |a BIBHIS  |b BIBHIS  |d 2019-11-20  |i 1299425  |o 982.43 GAR 1968  |p 1299425  |r 2025-01-20  |w 2019-11-20  |y BK  |k HIS